[Event "GER-ch Net blitz qual1"]
[Site "Playchess.com INT"]
[Date "2020.03.07"]
[Round "8"]
[White "Sossna, Gerald"]
[Black "Krain, Rafael"]
[Result "1/2-1/2"]
[WhiteElo "1569"]
[BlackElo "1734"]
[PlyCount "95"]
[EventDate "2020.03.07"]
[EventType "swiss (blitz)"]
[EventRounds "9"]
[EventCountry "GER"]
[SourceTitle "CBM 195 Extra"]
[Source "ChessBase"]
[SourceDate "2020.05.31"]
[SourceVersion "1"]
[SourceVersionDate "2020.05.31"]
[SourceQuality "1"]

1. e4 d5 2. exd5 Qxd5 3. d4 Nf6 4. Nf3 Bf5 5. c4 Qd8 6. Nc3 e6 7. Be2 Bb4 8. 0-0 0-0 9. a3 Be7 10. h3 h6 11. Be3 Nbd7 12. Qc1 b6 13. Rd1 Qc8 14. Nh4 Bh7 15. Nf3 Ne4 16. Bd3 Nxc3 17. Bxh7+ Kxh7 18. bxc3 Nf6 19. Ne5 Kg8 20. Rd3 Ne4 21. f3 Nd6 22. Bxh6 gxh6 23. Qxh6 Nf5 24. Qd2 Bf6 25. f4 Bxe5 26. fxe5 Qd8 27. Rf1 Qh4 28. Rf4 Qh6 29. Rg4+ Kh7 30. Qf2 Rg8 31. Rf3 Rg6 32. Rxg6 Qxg6 33. g4 Rg8 34. Kh2 Nh6 35. Rf6 Qe4 36. Rxh6+ Kxh6 37. Qh4+ Kg7 38. Qg5+ Kh8 39. Qh6+ Qh7 40. Qf6+ Qg7 41. Qh4+ Qh7 42. Qf6+ Rg7 43. Qd8+ Qg8 44. Qh4+ Rh7 45. Qf6+ Rg7 46. Qh4+ Rh7 47. Qf6+ Rg7 48. Qh4+ 1/2-1/2

[Event "GER-ch Net blitz qual1"]
[Site "Playchess.com INT"]
[Date "2020.03.07"]
[Round "2"]
[White "Spingat, Dirk"]
[Black "Krain, Rafael"]
[Result "0-1"]
[WhiteElo "1627"]
[BlackElo "1734"]
[PlyCount "82"]
[EventDate "2020.03.07"]
[EventType "swiss (blitz)"]
[EventRounds "9"]
[EventCountry "GER"]
[SourceTitle "CBM 195 Extra"]
[Source "ChessBase"]
[SourceDate "2020.05.31"]
[SourceVersion "1"]
[SourceVersionDate "2020.05.31"]
[SourceQuality "1"]

1. c4 e5 2. Nc3 Nc6 3. g3 g6 4. Bg2 Bg7 5. e4 Nf6 6. Nge2 d6 7. 0-0 0-0 8. d3 Ne7 9. h3 a6 10. f4 exf4 11. Bxf4 Nh5 12. Kh2 Nxf4 13. Nxf4 Nc6 14. Nfe2 Ne5 15. b3 Bd7 16. d4 Nc6 17. Rc1 b5 18. cxb5 axb5 19. Rc2 b4 20. Nd5 Ne7 21. Nxb4 Rb8 22. Nd3 Bb5 23. Ndf4 Nc6 24. Qd2 Bh6 25. Rfc1 Bxe2 26. Qxe2 Nxd4 27. Qd3 Nxc2 28. Rxc2 c5 29. Nd5 Bg7 30. Rf2 Be5 31. Qd2 Qh4 32. Rf3 Ra8 33. Qd3 Rxa2 34. b4 cxb4 35. Nxb4 Ra4 36. Nd5 Rfa8 37. Qb5 Ra3 38. Qd7 Rxf3 39. Qb7 Qxg3+ 40. Kh1 Ra1+ 41. Bf1 Rfxf1# 0-1